000 01435nam a2200229Ia 4500
003 Ost
005 20260507075319.0
008 260507s9999||||xx |||||||||||||| ||und||
040 _cfsecg
041 _aara
082 _a657.42
100 _aالرزق، صالح عبد الله
_eمؤلف
245 0 _aمحاسبة التكاليف الفعلية /
_c صالح عبد الله الرزق
260 _aعمان:
_bدار الزهران للنشر والتوزيع,
_c2012
300 _a482 صفحة؛
_bإيضاحات ؛
_c24 سم
504 _aالملاحق ص.439
520 _aقياس التكاليف الفعلية، طبية محاسبة التكاليف، التقارير المالية في المنشآت الصناعية، نظريات التكاليف الفعلية، قياس تكلفة المواد المباشرة و تكلفة العمل البشري و قياس التكاليف الصناعية غير المباشرة ، المحاسبة عن التكاليف الفعلية ، نظم قياس التكاليف الفعلية، نظام تكاليف الأوامر الانتاجية و المراحل الانتاجية ، نظام تكلفة المقاولات ، تكاليف المنتجات المشتركة و الفرعية
653 _aالمحاسبة
653 _aمحاسبة التكاليف
700 _aوراد خليل، عطا الله
_eمؤلف ثانوي
942 _cكتاب
999 _c43914
_d43914